000
00205 a2200097 4500
001
1646
100
_a
Walker, J.D
245
_a
Mechnaical engineering science
260
_a
_b
E.U.P
_c
090
_c
1184
_d
1184
942
_a
NUST-CAE
_c
M
_c
2047
999
_c
236719
_d
236719